| 000 | 01224cam a22003134a 4500 | ||
|---|---|---|---|
| 001 | 15318761 | ||
| 005 | 20131210103151.0 | ||
| 006 | a|||||r|||| 00| 0 | ||
| 007 | ta | ||
| 008 | 080606t2008 xxuab frb 001 0 eng d | ||
| 010 | _a 2008930613 | ||
| 020 | _a0691139423 (cloth : alk. paper) | ||
| 020 | _a9780691139425 (pbk. : alk. paper) | ||
| 050 | 0 | 0 |
_aHF1025 _b.C75313 2008 |
| 082 | 0 | 0 |
_a330.9 _222 _bCOM |
| 100 | 1 |
_aCombes, Pierre-Philippe. _934414 |
|
| 245 | 1 | 0 |
_aEconomic geography : _bthe integration of regions and nations / _cPierre-Philippe Combes, Thierry Mayer, Jacques-Francois Thisse. |
| 260 |
_aPrinceton ; _aOxford : _bPrinceton University Press, _cc.2008. |
||
| 300 |
_axxiii, 399 p. : _bcharts, maps, tables ; _c26 cm. |
||
| 504 | _aIncludes bibliographical references (p. [379]-395) and index. | ||
| 650 | 0 |
_aEconomic geography _xMathematical models. _934415 |
|
| 650 | 0 |
_aRegional planning _xMathematical models. _934416 |
|
| 653 |
_bEco _cNovember2013 _cDecember2013 |
||
| 655 |
_vreading book _934232 |
||
| 700 | 1 |
_aMayer, Thierry. _934417 |
|
| 700 | 1 |
_aThisse, Jacques Francois. _934418 |
|
| 856 | 4 | 1 |
_3Table of contents only _uhttp://www.loc.gov/catdir/toc/fy0904/2008930613.html |
| 942 |
_2ddc _cBB |
||
| 999 |
_c17745 _d17717 |
||